[Event "Lukavac op 5th"]
[Site "Lukavac"]
[Date "2016.11.24"]
[Round "1"]
[White "Sadikovic, Jasmin"]
[Black "Pozegic, Semso"]
[Result "1-0"]
[WhiteElo "2128"]
[BlackElo "1873"]
[PlyCount "49"]
[EventDate "2016.11.24"]
[EventType "swiss"]
[EventRounds "7"]
[EventCountry "BIH"]
[SourceTitle "EXT 2019"]
[Source "ChessBase"]
[SourceDate "2018.10.10"]
[SourceVersion "1"]
[SourceVersionDate "2018.10.10"]
[SourceQuality "1"]

1. e4 e5 2. Bc4 Nf6 3. d3 Bc5 4. Nc3 Nc6 5. Bg5 Be7 6. Qd2 d6 7. Nge2 Be6 8. Bb3 h6 9. Bxf6 Bxf6 10. f4 Bxb3 11. axb3 exf4 12. Qxf4 Bg5 13. Qf2 Qf6 14. Nd5 Qxb2 15. 0-0 0-0 16. Ng3 Rac8 17. Nf5 Qe5 18. h4 Bd8 19. Rae1 Ne7 20. d4 Qe6 21. Nf4 Qd7 22. Nxg7 Kxg7 23. Nh5+ Kg6 24. Nf6 Qe6 25. Qg3+ 1-0